00633nam a22001697a 450000500170000001000130001702000260003003500110005603700130006708200110008010000270009124501280011824600720024626000520031827000720037030000210044220211217154652.0 aUR-10335 c200.00a9789388105934 aU-8890 bDBAD/PUB a840.08 aآ فتا ب حسن  aڈ ا کٹر خو ر شيد جہا ں ا و ر ا نکی ا د بی و تنقيد ی خد ما ت cآ فتا ب حسن  bKhursheed Jahan Ki Adabi-o-Tanqidi Khidmaat (Urdu)aDr.Aftab Hassan aDelhibEducational Publishing House c2018 ء  a3191,Vakil Sreet Kucha Pandit Lal Kuan bDelhie110006k23216162l- a144صc22 Cm(Hb)